La clase dirigente (Record no. 39728)

MARC details
000 -LEADER
campo de control de longitud fija 00983nam a2200229 i 4500
001 - NÚMERO DE CONTROL
campo de control 39728
003 - IDENTIFICADOR DE NÚMERO DE CONTROL
campo de control ES-MaACL
005 - FECHA Y HORA DE LA ÚLTIMA TRANSACCIÓN
campo de control 20250715193503.0
007 - CAMPO FIJO DE DESCRIPCIÓN FÍSICA--INFORMACIÓN GENERAL
campo de control de longitud fija t|
008 - DATOS DE LONGITUD FIJA--INFORMACIÓN GENERAL
campo de control de longitud fija 030304s1939 sp |||| | spa d
100 1# - ENTRADA PRINCIPAL--NOMBRE DE PERSONA
Nombre de persona Cantalupo, Roberto.
9 (RLIN) 34622
245 13 - MENCIÓN DEL TÍTULO
Título La clase dirigente
Resto del título : (profundo estudio sobre la ideología del fascismo y la historia contemporánea de Italia) /
Mención de responsabilidad, etc. Roberto Cantalupo ; traducción del italiano por Manuel Aznar ; aclaraciones preliminares por Cristobal del Castillo.
260 ## - PUBLICACIÓN, DISTRIBUCIÓN, ETC.
Lugar de publicación, distribución, etc. [S.l. :
Nombre del editor, distribuidor, etc. Espasa Calpe,
Fecha de publicación, distribución, etc. 1939 (
Lugar de fabricación/manufactura Granada :
Fabricante (Imp. Hº de Paulino Ventura)
300 ## - DESCRIPCIÓN FÍSICA
Extensión 153 p. ;
Dimensiones 20 cm.
650 ## - PUNTO DE ACCESO ADICIONAL DE MATERIA--TÉRMINO DE MATERIA
Término de materia o nombre geográfico como elemento de entrada Fascismo-
Subdivisión geográfica Italia.
9 (RLIN) 160050
651 #4 - PUNTO DE ACCESO ADICIONAL DE MATERIA--NOMBRE GEOGRÁFICO
Nombre geográfico Italia-
Subdivisión general Historia-
Subdivisión cronológica 1914-1945.
9 (RLIN) 159351
700 1# - ENTRADA AGREGADA--NOMBRE PERSONAL
Nombre de persona Aznar Zubigaray, Manuel,
Fechas asociadas al nombre 1894-1975
9 (RLIN) 24321
700 1# - ENTRADA AGREGADA--NOMBRE PERSONAL
Nombre de persona Castillo, Cristobal del.
9 (RLIN) 36680
852 ## - LOCALIZACIÓN
Ubicación ES-MaACL
Número de control de estantería A-4855
852 ## - LOCALIZACIÓN
Ubicación ES-MaACL
Número de control de estantería L-32211
Nota libre . - Donat. herederos de la bibl. de Mª del Pilar Costa Palacín
Holdings
Estatus retirado Estado de pérdida Estado de daño No para préstamo Biblioteca de origen Biblioteca actual Ubicación en estantería Fecha de adquisición Fuente de adquisición Total de préstamos Signatura topográfica completa Código de barras Visto por última vez Precio de reemplazo Tipo de ítem Koha
        Biblioteca del Ateneo de Madrid Biblioteca del Ateneo de Madrid Depósito 2 06/08/2018     L-32211 1199182 23/02/2023 23/02/2023 Libro impreso
        Biblioteca del Ateneo de Madrid Biblioteca del Ateneo de Madrid Sala Pecera Planta 1 17/01/2008     A-4855 1041837 23/02/2023 23/02/2023 Libro impreso